<?xml version="1.0" encoding="UTF-8"?><?xml-stylesheet type="text/xsl" href="static/style.xsl"?><OAI-PMH xmlns="http://www.openarchives.org/OAI/2.0/" xmlns:xsi="http://www.w3.org/2001/XMLSchema-instance" xsi:schemaLocation="http://www.openarchives.org/OAI/2.0/ http://www.openarchives.org/OAI/2.0/OAI-PMH.xsd"><responseDate>2026-04-13T13:13:15Z</responseDate><request verb="GetRecord" identifier="oai:www.recercat.cat:10256/9530" metadataPrefix="marc">https://recercat.cat/oai/request</request><GetRecord><record><header><identifier>oai:recercat.cat:10256/9530</identifier><datestamp>2024-05-22T11:03:30Z</datestamp><setSpec>com_2072_452966</setSpec><setSpec>com_2072_2054</setSpec><setSpec>col_2072_452968</setSpec></header><metadata><record xmlns="http://www.loc.gov/MARC21/slim" xmlns:dcterms="http://purl.org/dc/terms/" xmlns:xsi="http://www.w3.org/2001/XMLSchema-instance" xmlns:doc="http://www.lyncode.com/xoai" xsi:schemaLocation="http://www.loc.gov/MARC21/slim http://www.loc.gov/standards/marcxml/schema/MARC21slim.xsd">
   <leader>00925njm 22002777a 4500</leader>
   <datafield ind2=" " ind1=" " tag="042">
      <subfield code="a">dc</subfield>
   </datafield>
   <datafield ind2=" " ind1=" " tag="720">
      <subfield code="a">Cruz Alofra, Manel</subfield>
      <subfield code="e">author</subfield>
   </datafield>
   <datafield ind2=" " ind1=" " tag="260">
      <subfield code="c">2014-06</subfield>
   </datafield>
   <datafield ind2=" " ind1=" " tag="520">
      <subfield code="a">El projecte té els seus inicis en un grup d’estudiants de l’Escola Politècnica Superior, els quals han format un equip anomenat UdG Racing Team, per tal de participar a la Formula Student Spain. La Formula Student és una competició entre universitats, on els estudiants, sense ajuda de professionals, han de dissenyar un vehicle que s’adapti a la normativa. Llavors, s’organitzen diferents competicions a circuits com Montmeló o Silverstone, per tal de posar els vehicles a prova. L’equip UdG Racing Team té previst participar l’any vinent en la modalitat de propulsió elèctrica. &#xd;
L’equip UdG Racing Team està estructurat en diferents seccions: elèctrica, dinàmica, aerodinàmica, etc. Des del departament d’aerodinàmica ha sorgit la necessitat de refrigerar els motors elèctrics. Aquests motors són refrigerats per aire a través d’aletes de refrigeració, i per tant, cal forçar un flux d’aire cap als elements a refrigerar. Per aquest motiu, s’han hagut de realitzar una sèrie de simulacions amb CFD</subfield>
   </datafield>
   <datafield ind1="8" ind2=" " tag="024">
      <subfield code="a">http://hdl.handle.net/10256/9530</subfield>
   </datafield>
   <datafield tag="653" ind2=" " ind1=" ">
      <subfield code="a">Automòbils de competició -- Disseny i construcció</subfield>
   </datafield>
   <datafield tag="653" ind2=" " ind1=" ">
      <subfield code="a">Automòbils -- Motors -- Sistemes de refrigeració</subfield>
   </datafield>
   <datafield tag="653" ind2=" " ind1=" ">
      <subfield code="a">Automòbils elèctrics -- Disseny i construcció</subfield>
   </datafield>
   <datafield tag="653" ind2=" " ind1=" ">
      <subfield code="a">Dinàmica de fluids -- Simulació per ordinador</subfield>
   </datafield>
   <datafield tag="653" ind2=" " ind1=" ">
      <subfield code="a">Automobiles, Racing -- Design and construction</subfield>
   </datafield>
   <datafield tag="653" ind2=" " ind1=" ">
      <subfield code="a">Automobiles – Motors -- Cooling Systems</subfield>
   </datafield>
   <datafield tag="653" ind2=" " ind1=" ">
      <subfield code="a">Electric automobiles -- Design and construction</subfield>
   </datafield>
   <datafield tag="653" ind2=" " ind1=" ">
      <subfield code="a">Fluid Dynamics -- Computer simulation</subfield>
   </datafield>
   <datafield ind2="0" ind1="0" tag="245">
      <subfield code="a">Estudi de refrigeració del motor elèctric del vehicle de competició Formula Student mitjançant programari informàtic CFD</subfield>
   </datafield>
</record></metadata></record></GetRecord></OAI-PMH>